Normal view
MARC view
- Gupta V B Ed
Entry Personal Name
001 - CONTROL NUMBER
- control field: 204902
003 - CONTROL NUMBER IDENTIFIER
- control field: OSt
005 - DATE AND TIME OF LATEST TRANSACTION
- control field: 20231011154558.0
008 - FIXED-LENGTH DATA ELEMENTS
- fixed length control field: 231011|| aca||aabn | a|a d
040 ## - CATALOGING SOURCE
- Original cataloging agency: OSt
- Transcribing agency: OSt
100 ## - HEADING--PERSONAL NAME
- Personal name: Gupta V B Ed
670 ## - SOURCE DATA FOUND
- Source citation: Work cat.: (OSt)356366: Gupta V B Ed., Inventi Impact: Preventive and Social Medicines, 2022